| 000 | 00624nam a22002417a 4500 | ||
|---|---|---|---|
| 003 | UA-OsUOA | ||
| 001 | 70478 | ||
| 007 | ta | ||
| 008 | 20100906b un ||||| |||| 00| 0 ukr d | ||
| 100 | _aЛоренцо Валла | ||
| 090 |
_a141 _bЛ78 |
||
| 942 | _cBK | ||
| 040 |
_aUA-OsUOA _brus _cUA-OsUOA _dUA-OsUOA |
||
| 245 | _aОб истинном и ложном благе. О свободе воли | ||
| 300 | _a474 с. | ||
| 955 | _a3 | ||
| 041 | _arus | ||
| 080 | _a141 | ||
| 020 | _a5-02-007979-0 | ||
| 260 |
_aМ. _bНаука _c1989 |
||
| 650 | 7 |
_a1 Філософські науки _2UDC |
|
| 999 |
_c356750 _d356750 |
||